000 00317nam a2200097Ia 4500
082 _a920|MAND
245 0 _aMandela : the authorised portrait
100 _a Maharaj, Mac [South Africa], [2014] Updated and revised edition in memoriam
_947884
942 _cBK
008 210817s9999 xx 000 0 und d
999 _c156229
_d156226